[Event "AUTO-OPEN-4230"]
[Site "http://www.queenalice.com/game.php?id=1633603"]
[Date "2020.11.19"]
[Round "1"]
[White "Mulder"]
[Black "DC"]
[Result "1-0"]
[WhiteElo "2802"]
[BlackElo "1421"]

1. d4 d5 2. c4 dxc4 3. e4 b5 4. Nc3 c6 5. Bf4 Na6 6. Nf3 Nb4 7. a3 Na6 8. Be2
Nf6 9. O-O g6 10. h3 Bg7 11. b3 Be6 12. bxc4 O-O 13. cxb5 cxb5 14. Bxb5 Nc7 15.
Be2 Qc8 16. Rb1 Nce8 17. Qc1 Bxh3 18. gxh3 Qxh3 19. Ng5 Qd7 20. e5 Ng4 21. Qd1
Qf5 22. Nd5 Kh8 23. Bxg4 Qxg4+ 24. Qxg4 e6 25. Ne7 Nc7 26. Qh3 h5 27. Rb7 Nd5
28. Nxd5 exd5 29. Rxf7 a5 30. Qd7 1-0

[Event "AUTO-OPEN-4230"]
[Site "http://www.queenalice.com/game.php?id=1633604"]
[Date "2020.11.19"]
[Round "1"]
[White "DC"]
[Black "Mulder"]
[Result "0-1"]
[WhiteElo "1474"]
[BlackElo "2806"]

1. e4 c5 2. d3 Nc6 3. Be3 e6 4. Nd2 Nf6 5. Ne2 d5 6. exd5 exd5 7. c3 d4 8. Bf4
Be7 9. g3 Qd5 10. f3 g5 11. Nb3 Qxf3 12. Rg1 gxf4 13. Bg2 Qe3 14. Qd2 f3 15.
Qxe3 dxe3 16. Bxf3 Ne5 17. Be4 Nxe4 18. dxe4 Nf3+ 19. Kf1 Nxg1 20. Nxg1 b6 21.
Re1 Bg5 22. Nf3 Bh6 23. Na1 Bg4 24. Ne5 Bh3+ 25. Kg1 Rg8 26. Nc2 f6 27. Nc4
O-O-O 28. N2xe3 b5 29. Na5 Bxe3+ 30. Rxe3 Rd1+ 31. Kf2 Rf1+ 32. Ke2 Rh1 33. Nc6
Rxh2+ 34. Kd1 Bg4+ 35. Kc1 Kb7 36. Ne7 Rd8 37. Nd5 Be6 38. Nxf6 Rdd2 0-1

[Event "Challenge"]
[Site "http://www.queenalice.com/game.php?id=1639311"]
[Date "2021.1.9"]
[Round "-"]
[White "Mulder"]
[Black "maurice91"]
[Result "1-0"]
[WhiteElo "2782"]
[BlackElo "1884"]

1. d4 d5 2. c4 c6 3. Nf3 Nf6 4. e3 e6 5. Bd3 Nbd7 6. c5 a5 7. O-O b6 8. cxb6
Nxb6 9. Ne5 Qc7 10. Qc2 Bb7 11. Nd2 Rc8 12. Ndf3 h6 13. Bd2 c5 14. Bb5+ Nbd7 15.
Nxd7 Nxd7 16. Ne5 Bd6 17. Bxd7+ Kf8 18. Bxc8 Bxc8 19. f4 Ba6 20. Rf3 Ke7 21.
Bxa5 c4 22. Bxc7 Bxc7 23. Qa4 Bc8 24. Qa7 1-0

[Event "Challenge"]
[Site "http://www.queenalice.com/game.php?id=1639312"]
[Date "2021.1.9"]
[Round "-"]
[White "maurice91"]
[Black "Mulder"]
[Result "0-1"]
[WhiteElo "1910"]
[BlackElo "2783"]

1. d4 Nf6 2. Nf3 e6 3. Bf4 b6 4. Nbd2 Bb7 5. e3 Be7 6. Be2 O-O 7. O-O Nh5 8. Ne5
Nxf4 9. exf4 c5 10. c3 d6 11. Nef3 Nd7 12. Rc1 a6 13. Qc2 b5 14. Rfe1 h6 15. g4
cxd4 16. Nxd4 d5 17. Kg2 Bd6 18. f5 e5 19. N4b3 h5 20. f3 e4 21. fxe4 hxg4 22.
Nd4 dxe4 23. Nxe4 Nc5 24. Bd3 Nxd3 25. Qxd3 Qh4 26. Rh1 Rfe8 27. Rce1 Rxe4 28.
Rxe4 Re8 29. Nf3 gxf3+ 30. Kxf3 Bxe4+ 0-1

[Event "Challenge"]
[Site "http://www.queenalice.com/game.php?id=1639324"]
[Date "2021.1.9"]
[Round "-"]
[White "Mulder"]
[Black "cro_kramnik"]
[Result "0-1"]
[WhiteElo "2801"]
[BlackElo "2705"]

1. e4 c5 2. Nf3 Nc6 3. d4 cxd4 4. Nxd4 Nf6 5. Nc3 e5 6. Nf5 d5 7. Bg5 d4 8. Bxf6
gxf6 9. Nb5 a6 10. Na3 Bxf5 0-1

[Event "Challenge"]
[Site "http://www.queenalice.com/game.php?id=1639413"]
[Date "2021.1.10"]
[Round "-"]
[White "Mulder"]
[Black "Fauquinelle"]
[Result "1-0"]
[WhiteElo "2781"]
[BlackElo "1960"]

1. e4 e5 2. Nf3 Nc6 3. Bb5 a6 4. Ba4 Nf6 5. O-O Be7 6. Nc3 b5 7. Bb3 O-O 8. d4
exd4 9. Nxd4 Nxd4 10. Qxd4 c5 11. Qe3 c4 12. e5 Ng4 13. Qf3 d5 14. Nxd5 cxb3 15.
Nxe7+ Qxe7 16. Qxa8 Qxe5 17. g3 Be6 18. Qc6 bxa2 19. Bf4 Qxb2 20. h3 Nf6 21.
Rfd1 Bxh3 22. Qxa6 Qxc2 23. Qxa2 Qc6 24. f3 Qxf3 25. Qf2 Qb7 26. Bd6 Rc8 27. Ra7
Qc6 28. Be5 Ng4 29. Qxf7+ 1-0

[Event "Challenge"]
[Site "http://www.queenalice.com/game.php?id=1639414"]
[Date "2021.1.10"]
[Round "-"]
[White "Mulder"]
[Black "Bigchess"]
[Result "1-0"]
[WhiteElo "2800"]
[BlackElo "1915"]

1. e4 e5 2. Nf3 Nf6 3. d4 exd4 4. e5 Qe7 5. Qxd4 Nc6 6. Qc3 Qd8 7. exf6 Bb4 8.
fxg7 Bxc3+ 9. Nxc3 Rg8 10. Bg5 f6 11. Bh6 d6 12. Bc4 Bf5 13. Bxg8 1-0

[Event "AUTO-OPEN-4230"]
[Site "http://www.queenalice.com/game.php?id=1643183"]
[Date "2021.2.10"]
[Round "2"]
[White "HELDER"]
[Black "Mulder"]
[Result "0-1"]
[WhiteElo "1701"]
[BlackElo "2772"]

1. e4 c5 2. d4 cxd4 3. Nf3 Nc6 4. c3 e5 5. cxd4 exd4 6. a3 Nf6 7. e5 Ng4 8. Bg5
Qb6 9. b4 Ncxe5 10. Qe2 d3 11. Qe4 Qxf2+ 12. Kd1 Qb2 13. Bxd3 Nf2+ 14. Ke1 Nxd3+
15. Kd1 Nf2+ 16. Ke1 Nxe4 17. Nxe5 Nxg5 18. Rf1 Qxe5+ 19. Kd1 Qxa1 20. Re1+ Be7
21. Kd2 d5 22. Nc3 Qb2+ 23. Kd3 Bf5+ 24. Kd4 Qd2+ 0-1

[Event "AUTO-OPEN-4230"]
[Site "http://www.queenalice.com/game.php?id=1643184"]
[Date "2021.2.10"]
[Round "2"]
[White "Mulder"]
[Black "HELDER"]
[Result "1-0"]
[WhiteElo "2771"]
[BlackElo "1703"]

1. d4 d5 2. c4 e6 3. Nf3 Nf6 4. Nc3 Bb4 5. e3 Ne4 6. Bd2 Nc6 7. Nxe4 a5 8. Nc3
h5 9. Bd3 g5 10. O-O h4 11. cxd5 exd5 12. e4 dxe4 13. Bxe4 Nxd4 14. Nxg5 f6 15.
Bg6+ Kd7 16. Nf7 Qg8 17. Qg4+ Kc6 18. Qxd4 Bc5 19. Qxf6+ Bd6 20. Ne5+ Kc5 21.
Be3+ Kb4 22. Qf4+ Qc4 23. Qxc4# 1-0

[Event "AUTO-OPEN-4230"]
[Site "http://www.queenalice.com/game.php?id=1643187"]
[Date "2021.2.10"]
[Round "2"]
[White "mascarade"]
[Black "Mulder"]
[Result "1-0"]
[WhiteElo "2265"]
[BlackElo "2786"]

1. e4 c5 2. Bc4 Nf6 3. Nc3 e6 4. e5 d5 5. exf6 dxc4 6. fxg7 Bxg7 7. Qg4 O-O 8.
Qxc4 Nc6 9. Nf3 Nd4 10. Nxd4 cxd4 11. Ne2 b6 12. d3 Bb7 13. Qa4 Rc8 14. Bd2 Bc6
15. Qa3 Bxg2 16. Rg1 Qd5 17. Qe7 Kh8 18. f3 Bxf3 19. Rxg7 Qe5 20. O-O-O Qxg7 21.
Rg1 Bg2 22. Nf4 Rfe8 23. Qh4 Rg8 24. Rxg2 Qe5 25. Rg3 Qf5 26. b4 a5 27. Kb2 axb4
28. Nh5 e5 29. Bg5 Rg6 30. Nf6 Rg7 31. Ne4 Rc6 32. Bf6 Rxf6 33. Nxf6 Rxg3 34.
hxg3 Qg6 35. g4 h6 36. Ne4 b3 37. axb3 Kg7 38. Qh5 Qxh5 39. gxh5 f5 40. Nd2 Kf6
41. Nf3 b5 42. c3 dxc3+ 43. Kxc3 Ke6 44. b4 1-0

[Event "AUTO-OPEN-4230"]
[Site "http://www.queenalice.com/game.php?id=1643188"]
[Date "2021.2.10"]
[Round "2"]
[White "Mulder"]
[Black "mascarade"]
[Result "1-0"]
[WhiteElo "2784"]
[BlackElo "2275"]

1. d4 d5 2. c4 dxc4 3. e4 Nf6 4. e5 Nd5 5. Bxc4 e6 6. Nf3 Bb4+ 7. Bd2 Bxd2+ 8.
Qxd2 Nc6 9. Nc3 Nxc3 10. bxc3 b6 11. Qf4 Bb7 12. O-O Qd7 13. Qg4 O-O-O 14. Rab1
Kb8 15. Rfe1 Na5 16. Bb5 Qd5 17. a4 h6 18. Bd3 Qa2 19. Ra1 Qb3 20. Rac1 Qa2 21.
Ra1 Bxf3 22. Qxf3 Qb3 23. Be4 Qc4 24. Rab1 Rhf8 25. Qe3 f5 26. exf6 Rxf6 27. Rb4
Qa2 28. Bf3 Rdf8 29. Qd3 Nc6 30. Rbb1 Qxa4 31. Ra1 Rxf3 32. gxf3 Qb3 33. Qe4 1-0

[Event "Challenge"]
[Site "http://www.queenalice.com/game.php?id=1649343"]
[Date "2021.4.11"]
[Round "-"]
[White "Mulder"]
[Black "ggteste1"]
[Result "1-0"]
[WhiteElo "2785"]
[BlackElo "1992"]

1. e4 e5 2. Nf3 Nc6 3. Bb5 d5 4. exd5 Qxd5 5. Nc3 Qe6 6. O-O Bd7 7. Re1 Bd6 8.
d4 Nf6 9. dxe5 Nxe5 10. Nxe5 Bxe5 11. Bf4 O-O-O 12. Rxe5 Bxb5 13. Rxe6 Rxd1+ 14.
Rxd1 fxe6 15. Nxb5 Nd5 16. Be5 a6 17. Nd4 Kd7 18. c4 c5 19. Nb3 Rd8 20. Nxc5+
Ke7 21. Nxb7 Rd7 22. Nc5 Rd8 23. cxd5 Rxd5 24. Rxd5 exd5 25. Nxa6 Ke6 26. Bxg7
1-0

[Event "Challenge"]
[Site "http://www.queenalice.com/game.php?id=1760655"]
[Date "2021.5.27"]
[Round "-"]
[White "Mulder"]
[Black "sph44"]
[Result "0-1"]
[WhiteElo "2686"]
[BlackElo "1844"]

1. d4 d5 2. c4 dxc4 3. e4 b5 4. Nf3 c6 5. a4 Bd7 6. b3 Nf6 7. bxc4 bxc4 8. Nc3
Be6 9. Be2 g6 10. Ng5 Qd7 11. O-O Bh6 12. Nxe6 Bxc1 13. Nc5 Qc7 14. Qxc1 O-O 15.
e5 Nd5 16. N3e4 f5 17. Ne6 Qd7 18. N4c5 Qc8 19. Qh6 Rf7 20. Ng5 Rg7 21. Nce6 Rf7
22. Nxf7 Kxf7 23. Ng5+ Ke8 24. Bxc4 Kd7 25. Qxh7 Qe8 26. Rac1 Kd8 0-1

[Event "Challenge"]
[Site "http://www.queenalice.com/game.php?id=1760656"]
[Date "2021.5.27"]
[Round "-"]
[White "sph44"]
[Black "Mulder"]
[Result "0-1"]
[WhiteElo "1908"]
[BlackElo "2715"]

1. e4 c5 2. Bc4 Nf6 3. Nc3 a6 4. Nf3 e6 5. O-O d5 6. exd5 exd5 7. Re1+ Be7 8.
Bb3 c4 9. Ba4+ b5 10. Nxb5 axb5 11. Bxb5+ Bd7 12. Bxd7+ Qxd7 13. d3 cxd3 14.
Qxd3 O-O 15. b3 Na6 16. Ne5 Qc7 17. c4 Nb4 18. Qc3 Ne4 19. Rxe4 dxe4 20. a3 Bf6
21. Qxb4 Bxe5 22. Ra2 Bxh2+ 23. Kf1 Bf4 24. Rc2 Rfd8 25. Bxf4 Qxf4 26. g3 Rd1+
27. Kg2 Qf3+ 0-1

[Event "AUTO-ELITE-2337"]
[Site "http://www.queenalice.com/game.php?id=1760657"]
[Date "2021.5.27"]
[Round "1"]
[White "BEBADO"]
[Black "Mulder"]
[Result "1-0"]
[WhiteElo "2298"]
[BlackElo "2760"]

1. e4 c5 2. Nf3 d6 3. d4 cxd4 4. Nxd4 Nf6 5. Nc3 e5 6. Bb5+ Nbd7 7. Nf5 a6 8.
Bxd7+ Qxd7 9. O-O Nxe4 10. Nxe4 Qxf5 11. Nxd6+ Bxd6 12. Qxd6 Qe6 13. Qc5 b6 14.
Qa3 Bb7 15. Re1 f6 16. f4 Rc8 17. Re2 Rc5 18. fxe5 O-O 19. Qb3 Bd5 20. Qg3 Bc4
21. Re1 Rxe5 22. Rxe5 fxe5 23. Be3 Qf6 24. h3 Bd5 25. Qg5 Rc8 26. c3 Rc6 27.
Qxf6 gxf6 28. a3 1-0

[Event "AUTO-ELITE-2337"]
[Site "http://www.queenalice.com/game.php?id=1760658"]
[Date "2021.5.27"]
[Round "1"]
[White "Mulder"]
[Black "BEBADO"]
[Result "1-0"]
[WhiteElo "2774"]
[BlackElo "2294"]

1. d4 Nf6 2. c4 e6 3. e3 c5 4. Nc3 d5 5. Nf3 Nc6 6. a3 cxd4 7. exd4 Be7 8. c5
Ne4 9. Qd3 Nxc3 10. Qxc3 Bf6 11. b4 a6 12. Bd3 O-O 13. O-O Re8 14. Bf4 Nxd4 15.
Nxd4 e5 16. Be3 exd4 17. Bxd4 Bxd4 18. Qxd4 Be6 19. Rae1 Qf6 20. Re5 Rad8 21.
Rfe1 1-0

[Event "AUTO-ELITE-2337"]
[Site "http://www.queenalice.com/game.php?id=1760665"]
[Date "2021.5.27"]
[Round "1"]
[White "Mulder"]
[Black "trompmaster"]
[Result "1-0"]
[WhiteElo "2773"]
[BlackElo "2414"]

1. d4 d6 2. Nf3 Nd7 3. e4 e5 4. Nc3 h6 5. Be2 c6 6. O-O Be7 7. Qd3 Ngf6 8. Rd1
Qc7 9. dxe5 dxe5 10. Nh4 Nc5 11. Qf3 Bg4 12. Qe3 Bxe2 13. Qxe2 Rd8 14. Rxd8+
Kxd8 15. Nf5 Ne6 16. Be3 Kc8 17. Bxa7 Rd8 18. Na4 b5 19. Bb6 Qd6 20. Nxd6+ Rxd6
21. Nc5 Nd7 22. Nxd7 Kxd7 23. a4 bxa4 24. g3 Bd8 25. Bxd8 Kxd8 26. Qh5 1-0

[Event "AUTO-ELITE-2337"]
[Site "http://www.queenalice.com/game.php?id=1760666"]
[Date "2021.5.27"]
[Round "1"]
[White "trompmaster"]
[Black "Mulder"]
[Result "1-0"]
[WhiteElo "2414"]
[BlackElo "2775"]

1. d3 d5 2. Nd2 Nc6 3. e4 e5 4. h3 Be7 5. c3 Nf6 6. Be2 O-O 7. g4 a5 8. a4 h6 9.
Qc2 Be6 10. Ngf3 Qd7 11. g5 hxg5 12. Nxg5 Rad8 13. Nxe6 Qxe6 14. Qb3 Bc5 15. h4
Ne7 16. Nf3 Ng4 17. Rf1 Qd6 18. Ng5 Nf6 19. Rg1 dxe4 20. dxe4 Ng6 21. h5 Nf4 22.
Bxf4 exf4 23. Rd1 Qe7 24. Rxd8 Rxd8 25. h6 Nxe4 26. Qxf7+ Qxf7 27. h7+ Kh8 28.
Nxf7+ Kxh7 29. Rh1+ Kg6 30. Nxd8 Bxf2+ 31. Kd1 Nc5 32. Rh8 Nxa4 33. Rf8 Be3 34.
Ne6 Nxb2+ 35. Kc2 Na4 36. Bd3+ Kh5 37. Nxf4+ 1-0

[Event "AUTO-OPEN-4230"]
[Site "http://www.queenalice.com/game.php?id=1763530"]
[Date "2021.7.2"]
[Round "3"]
[White "Mulder"]
[Black "mascarade"]
[Result "0-1"]
[WhiteElo "2730"]
[BlackElo "2401"]

1. d4 d5 2. c4 dxc4 3. e4 e6 4. Bxc4 Ne7 5. Nc3 a6 6. Nf3 Nbc6 7. O-O Na5 8. Be2
b5 9. b4 Nc4 10. Qb3 Nb6 11. a4 bxa4 12. Nxa4 Nxa4 13. Qxa4+ Bd7 14. b5 a5 0-1

[Event "AUTO-OPEN-4230"]
[Site "http://www.queenalice.com/game.php?id=1763531"]
[Date "2021.7.2"]
[Round "3"]
[White "mascarade"]
[Black "Mulder"]
[Result "1-0"]
[WhiteElo "2330"]
[BlackElo "2745"]

1. Nf3 Nf6 2. d4 d5 3. Nc3 e6 4. e3 Bd6 5. Bd3 O-O 6. O-O Bd7 7. Nb5 Bxb5 8.
Bxb5 Nbd7 9. Be2 c5 10. b3 Qc7 11. Bb2 c4 12. bxc4 dxc4 13. a4 1-0

[Event "AUTO-OPEN-4230"]
[Site "http://www.queenalice.com/game.php?id=1763532"]
[Date "2021.7.2"]
[Round "3"]
[White "Mulder"]
[Black "bmax"]
[Result "0-1"]
[WhiteElo "2701"]
[BlackElo "2327"]

1. d4 d6 2. Nf3 Bg4 3. Nc3 Bxf3 4. exf3 d5 5. Bg5 Nf6 6. Bd3 e6 7. O-O Be7 8.
Ne2 O-O 9. c3 c5 10. dxc5 Bxc5 11. Nd4 Nc6 12. Nxc6 bxc6 13. Qa4 h6 14. Bh4 Qc7
15. Bxf6 gxf6 16. Qg4+ Kh8 17. Qh4 Kg7 18. Qg4+ Kh8 19. b4 Bd6 0-1

[Event "AUTO-OPEN-4230"]
[Site "http://www.queenalice.com/game.php?id=1763533"]
[Date "2021.7.2"]
[Round "3"]
[White "bmax"]
[Black "Mulder"]
[Result "1-0"]
[WhiteElo "2304"]
[BlackElo "2716"]

1. d4 Nf6 2. Bf4 d5 3. e3 e6 4. c3 Be7 5. Nf3 O-O 6. Nbd2 Nh5 7. Be5 f6 8. Bg3
Nc6 9. Bd3 Bd7 10. Ng5 fxg5 11. Qxh5 g6 12. Qe2 Bf6 13. f4 Ne7 14. fxg5 Bxg5 15.
h4 Bh6 16. h5 Nf5 17. Bxf5 gxf5 18. Nf3 Bg7 19. O-O-O 1-0